000 00461nam a2200205Ia 4500
005 20250425162704.0
008 250425s9999 xx 000 0 und d
041 _aspa
043 _acl
082 _a639.8
245 0 _aMANUAL PARA LA COMERCIALIZACION DE LOS PRODUCTOS
250 _aS.E
260 _aChile
_bFAO
_c1997
260 _aSANTIAGO DE CHILE
300 _a125
500 _aFAO
650 _aACUACULTURA
942 _c01
010 _a96848
999 _c234375
_d234375